000 00892nam0a22002651 4500
001 RU\NLR\INFOCOMM_161\5000078514
005 20250613095943.0
035 _a(NLR Aleph) 009320475
090 _a9392508
_c9392508
100 _a20100829d1976 |||y0rusy50 ca
101 1 _ager
_crus
102 _aRU
105 _ay ||||000|y
200 1 _aDer Idiot
_eRoman in 4 T.
_fF. M. Dostojewski
_g[Aus dem Russ. übers. von H. Röhl]
210 _aM.
_cProgress
_d[1976]
215 _a854 с.
_d21 см
300 _aНа обороте тит. л.: Федор Михайлович Достоевский. Идиот
686 _aЛх-р402(нем.)
_2rubbk
700 1 _9z01790
_aDostoevskij
_bF. M.
_f1821-1881
_gFedor Michajlovič
_4070
790 1 _9z01700
_aDostojewski
_bF. M.
_4070
801 1 _aRU
_bNLR
_c20100829
801 0 _aRU
_bNLR
_gPSBO
852 _aNLR
_jЛ31 Д-3/285
942 _cBOOK
980 _aNB